| 000 | 00466nam a22001817a 4500 | ||
|---|---|---|---|
| 020 | _a9789381771396 | ||
| 041 | _aEnglish | ||
| 082 |
_a001 _bANA/RE |
||
| 100 | _aAnand P A | ||
| 100 | _aNarendra Bisht | ||
| 245 | _aReasoning for competitive examinations | ||
| 250 | _a1 | ||
| 260 |
_aNew Delhi _bSavera Publishing House _c2016 |
||
| 300 | _a301p | ||
| 365 | _bRs.195/- | ||
| 650 | _aLinear arrangement, blood relations, tabular or grid based | ||
| 942 | _cBK | ||
| 999 |
_c252925 _d252925 |
||